| 000 | 00664cab a2200217 4500 | ||
|---|---|---|---|
| 001 | WB3334-08 | ||
| 008 | 090401t1997 xxu||||| |||| 00| 0 eng d | ||
| 035 | _a(Sirsi) u80624 | ||
| 041 | _aeng | ||
| 245 | _aHeritage circular | ||
| 260 | _c1997 | ||
| 350 | _a0 | ||
| 490 |
_aDOETR News Release _v(332/ENV) 29 August 1997, (3) |
||
| 520 | _aDOE Circular 14/97 provides guidance simplifying the way listed building consents are dealt with, in the light of the Shimizu decision. | ||
| 650 | _aHERITAGE | ||
| 650 | _aLISTED BUILDINGS | ||
| 650 | _aSHIMIZU (UK) LTD V WESTMINSTER CITY COUNCIL | ||
| 690 | _aCONSERVATION | ||
| 942 | _n0 | ||
| 948 | _c02/09/1997 | ||
| 999 |
_c50754 _d50754 |
||